Sporcle In the Movies Quiz Stats

 Plays Quiz Updated Aug 9, 2013

Support Sporcle.
Go Orange.
Score 0/40 Timer 03:00
1 Play Today
% Correct
Romeo
92.1%
Oz
92%
Future
91%
Hunger
90.6%
Pulp
89.5%
Singin
88.5%
Star
86.7%
Endearment
86.6%
Stand
86.3%
Some
85.7%
Social
85.3%
Truman
85.1%
Toy
84.8%
Fight
84.3%
Batman
84.1%
Kong
83.1%
Life
82.9%
Blood
82.9%
Translation
81.4%
Groundhog
80.6%
% Correct
Shakespeare
80.6%
Apocalypse
80.1%
Lion
77.6%
Shutter
77.3%
Zhivago
77.1%
Life
75.9%
Dangerous
73.2%
Mystic
72.9%
War
71.8%
Eve
70.1%
Heaven
68.9%
Midnight
62.9%
Spirited
61.4%
Going
60.6%
Indemnity
58.1%
Modern
51.4%
Mononoke
50.6%
Rose
46.5%
Bicycle
41%
Third
36.9%

You're not logged in!

Compare scores with friends on all Sporcle quizzes.
OR
Log In

From the Vault

Last Ten: Canadian Prime Ministers in Order

by thebail

In before someone says they thought Canada had a president.
Remove Ads.
Support Sporcle.
Get the best of Sporcle when you Go Orange. This ad-free experience offers more features, more stats, and more fun while also helping to support Sporcle. Thank you for becoming a member.

Show Comments

Extras

Top Quizzes Today


Score Distribution

Your Account Isn't Verified!

In order to create a playlist on Sporcle, you need to verify the email address you used during registration. Go to your Sporcle Settings to finish the process.

Report this User

Report this user for behavior that violates our Community Guidelines.

Details: